Dragón y el día de Halloween / (Record no. 20735)

MARC details
000 -LEADER
fixed length control field 01271nam a2200361Ia 4500
001 - CONTROL NUMBER
control field sjds395407
003 - CONTROL NUMBER IDENTIFIER
control field sjds
005 - DATE AND TIME OF LATEST TRANSACTION
control field 20180521142928.0
008 - FIXED-LENGTH DATA ELEMENTS--GENERAL INFORMATION
fixed length control field 081006s2007 nyua b 000 1 spa d
020 ## - INTERNATIONAL STANDARD BOOK NUMBER
International Standard Book Number 0545014468 (pbk.)
020 ## - INTERNATIONAL STANDARD BOOK NUMBER
International Standard Book Number 9780545014465 (pbk.)
035 ## - SYSTEM CONTROL NUMBER
System control number (OCoLC)260676197
040 ## - CATALOGING SOURCE
Original cataloging agency JJJ
Transcribing agency JJJ
Modifying agency UtOrBLW
041 1# - LANGUAGE CODE
Language code of text/sound track or separate title spa
Language code of original eng
049 ## - LOCAL HOLDINGS (OCLC)
Holding library IFAA
099 ## - LOCAL FREE-TEXT CALL NUMBER (OCLC)
Classification number ESPANOL PICTURE BOOKS PILKEY
100 1# - MAIN ENTRY--PERSONAL NAME
Personal name Pilkey, Dav,
Dates associated with a name 1966-
Relator term author.
240 10 - UNIFORM TITLE
Uniform title <a href="Dragon's Halloween.">Dragon's Halloween.</a>
Language of a work Spanish
245 10 - TITLE STATEMENT
Title Dragón y el día de Halloween /
Statement of responsibility, etc. Dav Pilkey.
260 ## - PUBLICATION, DISTRIBUTION, ETC. (IMPRINT)
Place of publication, distribution, etc. New York :
Name of publisher, distributor, etc. Scholastic,
Date of publication, distribution, etc. 2007.
264 #1 - PRODUCTION, PUBLICATION, DISTRIBUTION, MANUFACTURE, AND COPYRIGHT NOTICE
Place of production, publication, distribution, manufacture New York :
Name of producer, publisher, distributor, manufacturer Scholastic,
Date of production, publication, distribution, manufacture, or copyright notice 2007.
300 ## - PHYSICAL DESCRIPTION
Extent 48 pages :
Other physical details color illustrations ;
Dimensions 21 cm
336 ## - CONTENT TYPE
Content type term text
Content type code txt
Source rdacontent
337 ## - MEDIA TYPE
Media type term unmediated
Media type code n
Source rdamedia
338 ## - CARRIER TYPE
Carrier type term volume
Carrier type code nc
Source rdacarrier
520 ## - SUMMARY, ETC.
Summary, etc. Dragon has a busy and fun-filled Halloween, turning six small pumpkins into one big jack-o-lantern, going to a costume party, and taking a spooky walk in the woods.
526 0# - STUDY PROGRAM INFORMATION NOTE
Program name Accelerated Reader
Interest level LG
Reading level 3.3
Title point value 0.5
Public note 59504SP
650 #0 - SUBJECT ADDED ENTRY--TOPICAL TERM
Topical term or geographic name as entry element Dragons
Form subdivision Juvenile fiction.
650 #0 - SUBJECT ADDED ENTRY--TOPICAL TERM
Topical term or geographic name as entry element Halloween
Form subdivision Juvenile fiction.
650 #7 - SUBJECT ADDED ENTRY--TOPICAL TERM
Topical term or geographic name as entry element Dragones
Form subdivision Novela juvenil.
Source of heading or term bidex
650 #7 - SUBJECT ADDED ENTRY--TOPICAL TERM
Topical term or geographic name as entry element Halloween
Form subdivision Novela juvenil.
Source of heading or term local
942 ## - ADDED ENTRY ELEMENTS (KOHA)
Koha item type Libro/Book
Holdings
Withdrawn status Lost status Damaged status Not for loan Home library Current library Date acquired Total Checkouts Total Renewals Barcode Checked out Date last seen Date checked out Price effective from Koha item type
        San Juan Del Sur -- Mobile Sevadilla -- Satellite 20/01/2015 10   33002122 26/04/2021 22/03/2021 22/03/2021 20/01/2015 Libro/Book

Powered by Koha